Countries Containing T - Statistics

General Stats
  • This quiz has been taken 551 times
    530 since last reset
  • The average score is 59 of 67
Answer Stats
Country % Correct
Australia
95%
Ethiopia
94%
Turkey
94%
United Kingdom
94%
Afghanistan
93%
Argentina
93%
Austria
93%
Estonia
93%
Italy
93%
Latvia
93%
Pakistan
93%
Portugal
93%
South Africa
93%
South Korea
93%
Tajikistan
93%
Turkmenistan
93%
United Arab Emirates
93%
United States
93%
Vietnam
93%
Eritrea
92%
Kyrgyzstan
92%
Lithuania
92%
North Korea
92%
Togo
92%
Antigua and Barbuda
91%
Egypt
91%
Kazakhstan
91%
Trinidad and Tobago
91%
Uzbekistan
91%
Democratic Republic of the Congo
90%
Kuwait
90%
Saint Kitts and Nevis
90%
Haiti
89%
Liechtenstein
89%
Mauritania
89%
Mauritius
89%
South Sudan
89%
Thailand
89%
Tonga
89%
Costa Rica
88%
Guatemala
88%
Netherlands
88%
Tunisia
88%
Cote d'Ivoire
87%
Croatia
87%
East Timor
87%
Lesotho
87%
Tanzania
87%
Tuvalu
87%
Malta
86%
Saint Lucia
86%
Saint Vincent and the Grenadines
86%
Bhutan
85%
Djibouti
85%
Taiwan
85%
Vanuatu
85%
Vatican City
85%
Switzerland
84%
Botswana
83%
Equatorial Guinea
83%
Kiribati
83%
Central African Republic
82%
Montenegro
81%
Sao Tome and Principe
81%
Republic of the Congo
79%
Federated States of Micronesia
78%
Qatar
77%
No matching quizzes found
Score Distribution
Percent of People with Each Score
Percentile by Number Answered
Your Score History
You have not taken this quiz since the last reset